Statistics for Double T Vocabulary Words

Click here to take the quiz!

General Stats

  • This quiz has been taken 25,625 times
    (19,378 since last reset)
  • The average score is 14 of 22

Answer Stats

DefinitionWord% Correct
Deadly sin of overeatingGluttony
86%
Unit of powerWatt
85%
Long, narrow loaf of French breadBaguette
81%
Mixed-breed dogMutt
80%
Espresso and steamed milkLatte
80%
Opposite of glossyMatte
80%
Group of animals born at the same timeLitter
77%
Segregated urban slumGhetto
76%
Person who inhabits property
without legal title
Squatter
76%
Crime of striking a personBattery
70%
Badminton projectileShuttlecock
68%
Italian rice dishRisotto
68%
What is thrown at a ticker-tape paradeConfetti
65%
LawyerAttorney
63%
High singing voice, above one's
normal register
Falsetto
61%
Series of boat racesRegatta
59%
Receptacle for users of chewing tobaccoSpittoon
56%
Protest of not patronizing a businessBoycott
50%
Old-fashioned women's underskirtPetticoat
42%
Military unit consisting of 2-6 companiesBattalion
42%
SlaughterhouseAbattoir
35%
Relative of the squidCuttlefish
30%

Score Distribution

Percentile by Number Answered

Percent of People with Each Score

Your Score History

You have not taken this quiz since the last reset